Normal view
MARC view
- Mishkat al-Masabih
Entry Topical Term
001 - CONTROL NUMBER
- control field: 104347
003 - CONTROL NUMBER IDENTIFIER
- control field: NUST
005 - DATE AND TIME OF LATEST TRANSACTION
- control field: 20221207130249.0
008 - FIXED-LENGTH DATA ELEMENTS
- fixed length control field: 221207|| aca||aabn | a|a d
040 ## - CATALOGING SOURCE
- Original cataloging agency: NUST
- Transcribing agency: NUST
150 ## - HEADING--TOPICAL TERM
- Topical term or geographic name entry element: Mishkat al-Masabih
670 ## - SOURCE DATA FOUND
- Source citation: Work cat.: (NUST)215374: Dr, Robson James 104346, Mishkat al-Masabih; English translation with explanatory notes ( Vol- II ), , 2006
